| 000 | 00731nam a2200193Ia 4500 | ||
|---|---|---|---|
| 008 | 0000001982 sp a 0000000000spa00 | ||
| 090 | _aPSP00 I34s | ||
| 100 | 1 | _aIglesias, José María | |
| 245 | 1 | 0 |
_aSoto Mesa _c/ texto de José María Iglesias |
| 300 |
_a24 p. _c/ 20 cm. |
||
| 500 | _aExposición realizada en Galería Egam de Madrid entre el 1 de febrero y el 5 de marzo de 1982 \ Incluye datos biográficos y cronoogía artística | ||
| 600 | 0 | 0 |
_aSOTO MESA, FRANCISCO, 1946/ _xTRABAJOS PICTORICOS |
| 650 | 1 | 4 | _aARTE CONTEMPORANEO ESPAÑOL |
| 650 | 1 | 4 | _xCATALOGOS |
| 650 | 1 | 4 | _xEXPOSICIONES |
| 650 | 1 | 4 | _aPINTORES ESPAÑOLES |
| 650 | 1 | 4 | _aPINTURA ESPAÑOLA |
| 999 |
_c16269 _d16269 |
||
| 260 |
_aMadrid : Galería Egam _c1982 |
||